| 000 | 00465nam a22001697a 4500 | ||
|---|---|---|---|
| 003 | NUST - PNEC | ||
| 005 | 20170116181137.0 | ||
| 008 | 151007b xxu||||| |||| 00| 0 eng d | ||
| 020 | _a9780170132831 | ||
| 040 | _cLIBRARY | ||
| 082 | _a658.4038 MOI | ||
| 100 |
_914370 _aMoisiadis, Frank |
||
| 245 |
_aPrinciples of information systems _cFrank Moisiadis |
||
| 260 |
_aAustrlia: _c2008 |
||
| 650 |
_914372 _aManagement Information System _xMIS |
||
| 942 |
_2ddc _cBK |
||
| 999 |
_c70286 _d70286 |
||